| 000 | 00590nam a22002177a 4500 | ||
|---|---|---|---|
| 003 | OSt | ||
| 005 | 20160901184631.0 | ||
| 008 | 150907b xxu||||| |||| 00| 0 eng d | ||
| 020 | _a9780443101793 | ||
| 040 | _cDNLM | ||
| 082 | _aWB460 E25j 2005 | ||
| 100 |
_aeditor Watson, Tim _95664 |
||
| 245 |
_aElectrotherapy: _bevidence-based practice |
||
| 250 | _a12th ed. | ||
| 260 |
_aEdinburgh; _bChurchill, _c2008 |
||
| 300 |
_axiii,401p; _bcol.ill: _c24cm |
||
| 504 | _aReferences, & index included | ||
| 650 |
_aElectrotherapy _94636 |
||
| 650 |
_aPhysiotherapy _91959 |
||
| 942 |
_2z _cO_SHELF |
||
| 999 |
_c2226 _d2226 |
||